Sports Quiz

Random Sports or NHL Quiz

NHL Last Championship Click 'Em Quiz Stats

 Plays Quiz not verified by Sporcle

Challenge
Share
Tweet
Embed
Score 0/18 Timer 03:00
0 Plays Today
% Correct
Los Angeles Kings
77.6%
New York Rangers
77.6%
Toronto Maple Leafs
77.6%
Boston Bruins
75.6%
Calgary Flames
74.1%
New York Islanders
73.6%
Philadelphia Flyers
72.6%
Detroit Red Wings
71.1%
Montreal Canadiens
70.6%
% Correct
Carolina Hurricanes
70.1%
Dallas Stars
69.2%
Chicago Blackhawks
68.2%
Pittsburgh Penguins
65.7%
Edmonton Oilers
65.2%
Anaheim Ducks
64.7%
Colorado Avalanche
64.2%
Tampa Bay Lightning
64.2%
New Jersey Devils
59.7%

You're not logged in!

Compare scores with friends on all Sporcle quizzes.
OR
Log In

You Might Also Like...

Show Comments

Extras

Top Quizzes Today


Score Distribution

Your Account Isn't Verified!

In order to create a playlist on Sporcle, you need to verify the email address you used during registration. Go to your Sporcle Settings to finish the process.

Report this User

Report this user for behavior that violates our Community Guidelines.

Details: